[Event "Challenge"]
[Site "http://www.queenalice.com/game.php?id=694175"]
[Date "2009.12.7"]
[Round "-"]
[White "eliscf"]
[Black "vania"]
[Result "1-0"]
[WhiteElo "1557"]
[BlackElo "1620"]

1. d4 d5 2. Nc3 Nf6 3. Nf3 c6 4. Bf4 Ng4 5. Ne5 b5 6. h3 Nxe5 7. Bxe5 f6 8. Bf4
g5 9. Be3 a5 10. g4 a4 11. b3 axb3 12. cxb3 h5 13. gxh5 Rxh5 14. Bg2 f5 15. Nxd5
Bg7 16. O-O cxd5 17. Qd3 b4 18. Qb5+ Bd7 19. Qxd5 Na6 20. Bf3 e6 21. Qc4 f4 22.
Bxh5+ Kf8 23. Bd2 Rc8 24. Qxa6 Bxd4 25. Bxb4+ Kg8 26. Rad1 Ra8 27. Qd6 Bf6 28.
e3 fxe3 29. fxe3 Rxa2 30. Qxd7 Qb6 31. Be7 Bxe7 32. Qxe7 Qxb3 33. Rd8# 1-0

[Event "Challenge"]
[Site "http://www.queenalice.com/game.php?id=699858"]
[Date "2009.12.18"]
[Round "-"]
[White "vania"]
[Black "eliscf"]
[Result "1-0"]
[WhiteElo "1584"]
[BlackElo "1601"]

1. e4 e5 2. Nf3 Nf6 3. Nc3 Nc6 4. Bc4 Bc5 5. h4 Ng4 6. d4 Bd6 7. dxe5 Ncxe5 8.
Nxe5 Nxe5 9. f4 Nxc4 10. e5 Nxe5 11. fxe5 Bxe5 12. b4 c6 13. Bb2 d6 14. g4 Be6
15. a4 Bc4 16. a5 Bg3+ 17. Kd2 Qe7 18. g5 O-O 19. Qg1 Qe5 20. Na4 Qf4+ 21. Kc3
Bf2 22. Qg2 Rae8 23. Rad1 Re3+ 24. Kd2 Be1+ 25. Rdxe1 Rxe1+ 26. Kxe1 Bd5 27. Qf1
Qe3+ 28. Qe2 Qf3 29. Qxf3 Bxf3 30. Rf1 Bd5 31. Rf4 Re8+ 32. Kf1 Re3 33. Bd4 Ra3
34. Nc3 Be6 35. Ne4 d5 36. Nd6 Ra2 37. c3 Bh3+ 38. Ke1 b6 39. Rxf7 bxa5 40.
Rxg7+ Kf8 41. Rxh7 Be6 42. Rxa7 Ra1+ 43. Kd2 Ra2+ 44. Ke3 Ra1 45. Bg7+ Kg8 46.
g6 Bg4 47. Kf4 Bd1 48. h5 a4 49. h6 Bc2 50. Ra8# 1-0

[Event "Challenge"]
[Site "http://www.queenalice.com/game.php?id=700321"]
[Date "2009.12.19"]
[Round "-"]
[White "eliscf"]
[Black "vania"]
[Result "1-0"]
[WhiteElo "1584"]
[BlackElo "1601"]

1. d4 d5 2. Nc3 Nf6 3. Nf3 c6 4. e3 b5 5. Nxb5 cxb5 6. Bxb5+ Bd7 7. Bxd7+ Nbxd7
8. O-O e6 9. Qd3 a5 10. Ne5 Nxe5 11. dxe5 Ng4 12. h3 Nxe5 13. Qb5+ Nd7 14. Rd1
Rb8 15. Qd3 Ne5 16. Qd4 Bd6 17. f4 Nc4 18. Re1 O-O 19. b3 f5 20. bxc4 Rc8 21.
cxd5 exd5 22. Qxd5+ Kh8 23. Rb1 Rxc2 24. Rb6 Qxb6 25. g4 fxg4 26. hxg4 Bb4 27.
Rd1 Rxf4 28. Qa8+ Rf8 29. Qd5 Bc5 30. g5 Bxe3+ 31. Bxe3 Qxe3+ 32. Kh1 Qf2 33.
Qd8 Rxd8 34. Rxd8+ Qf8 35. Rxf8# 1-0

[Event "Challenge"]
[Site "http://www.queenalice.com/game.php?id=705681"]
[Date "2009.12.30"]
[Round "-"]
[White "vania"]
[Black "eliscf"]
[Result "1-0"]
[WhiteElo "1481"]
[BlackElo "1609"]

1. e4 e5 2. Nf3 Nf6 3. Nc3 Nc6 4. Bc4 Bb4 5. a3 Bxc3 6. dxc3 Nxe4 7. Ng5 Nxg5 8.
h4 Ne4 9. O-O d6 10. Qf3 Qxh4 11. Qxf7+ Kd8 12. Qxg7 Bg4 13. Qxh8+ Kd7 14. Qxa8
Na5 15. Bd3 Nxf2 16. Rxf2 a6 17. Rf7+ Kc6 18. Rxh7 Qg3 19. Bxa6 Kd5 20. Rxc7
Qe1+ 21. Kh2 e4 22. Bxb7+ Nxb7 23. Qxb7+ Ke5 24. Re7+ Kf5 25. Qd5+ Kf6 26. Qg5#
1-0

[Event "Challenge"]
[Site "http://www.queenalice.com/game.php?id=705682"]
[Date "2009.12.30"]
[Round "-"]
[White "eliscf"]
[Black "vania"]
[Result "1-0"]
[WhiteElo "1576"]
[BlackElo "1489"]

1. d4 d5 2. Nc3 Nf6 3. Nf3 c6 4. Bg5 h6 5. Bxf6 exf6 6. e3 g5 7. Bd3 b5 8. O-O
a5 9. e4 dxe4 10. Nxe4 f5 11. Nc5 g4 12. Ne5 Qxd4 13. Re1 Bxc5 14. Nxc6+ Kf8 15.
Nxd4 Bxd4 16. Bxb5 Bxb2 17. Re8+ Kg7 18. Rxh8 Kxh8 19. Rb1 Bc3 20. Qd8+ Kg7 21.
Qxc8 h5 22. Qxc3+ Kf8 23. Rd1 a4 24. Qd4 Na6 25. Qd8+ Rxd8 26. Rxd8+ Ke7 27. Ra8
Nc5 28. Ra7+ Kf8 29. h3 gxh3 30. gxh3 h4 31. Rc7 Ne6 32. Rc8+ Ke7 33. Bxa4 f4
34. Rh8 Ng5 35. Rxh4 Nf3+ 36. Kg2 Nxh4+ 37. Kh2 Nf3+ 38. Kg2 Nh4+ 39. Kf1 f3 40.
Ke1 f5 41. Bb5 f4 42. a4 Ng2+ 43. Kd2 Kf6 44. a5 Kg5 45. a6 Kh4 46. Bd7 Ne3 47.
a7 Nc4+ 48. Kd3 Nb6 49. Bg4 Na8 50. Bxf3 Kxh3 51. Bxa8 1-0

[Event "pijaminha"]
[Site "http://www.queenalice.com/game.php?id=706041"]
[Date "2009.12.30"]
[Round "-"]
[White "eliscf"]
[Black "carlao2005"]
[Result "0-1"]
[WhiteElo "1588"]
[BlackElo "1685"]

1. d4 d5 2. Nc3 Nf6 3. Bg5 h6 4. Bxf6 gxf6 5. Nf3 Nc6 6. e3 e5 7. Bb5 exd4 8.
exd4 a6 9. Bxc6+ bxc6 10. O-O Bd6 11. Re1+ Be6 12. Re3 c5 13. Qd3 c4 14. Qe2 Bf4
15. Rxe6+ fxe6 16. Qxe6+ Qe7 17. Qc6+ Kf7 18. Qxd5+ Qe6 19. g3 Qxd5 20. Nxd5 Bd6
21. Re1 Rae8 22. Rd1 Re2 23. Nd2 Rhe8 24. Nxc4 Re1+ 25. Rxe1 Rxe1+ 26. Kg2 Re2
27. Nxd6+ cxd6 28. Nc3 Rxc2 29. g4 Rxb2 30. Ne4 d5 31. Nd6+ Ke6 32. Ne8 Rxa2 33.
Nc7+ Kd6 34. Ne8+ Ke7 35. Ng7 Ra4 36. Nf5+ Ke6 37. Nxh6 Rxd4 38. h3 a5 39. h4 a4
40. h5 a3 41. Ng8 Rxg4+ 42. Kf1 Rxg8 43. Ke1 a2 44. Ke2 a1=Q 45. h6 Qa3 46. h7
Rb8 47. f3 Rb2+ 48. Ke1 Qa1# 0-1

[Event "DEFCON 9"]
[Site "http://www.queenalice.com/game.php?id=750784"]
[Date "2010.3.24"]
[Round "-"]
[White "carlao2005"]
[Black "eliscf"]
[Result "1/2-1/2"]
[WhiteElo "1729"]
[BlackElo "1568"]

1. d4 d5 2. c4 Nf6 3. cxd5 Nxd5 4. e4 c6 5. exd5 cxd5 6. Nc3 e6 7. Nf3 Nc6 8.
Bb5 Bb4 9. a3 Ba5 10. b4 Bb6 11. Ne5 Qf6 12. Nxc6 Bd7 13. O-O bxc6 14. Ba6 O-O
15. Bd3 a5 16. Be3 axb4 17. axb4 Rxa1 18. Qxa1 Bxd4 19. Bxd4 Qxd4 20. Be2 e5 21.
Na4 Qxb4 22. Rb1 Qe4 23. Nb6 Bf5 24. Rc1 Qxe2 25. Rxc6 f6 26. h3 Be4 27. Nd7 Rd8
28. Qf1 Qh5 29. f3 Bf5 30. g4 Qg6 31. Nxe5 Qg5 32. Qa1 Bd3 33. Nxd3 Qh4 34. Nf4
Qg3+ 35. Kf1 Qxf3+ 36. Ke1 Qxf4 37. Qa7 Qg3+ 38. Kd1 Qxh3 39. Qc7 Qd3+ 40. Kc1
Ra8 41. Rc3 Qf1+ 42. Kb2 Ra1 43. Qc8+ Kf7 44. Qd7+ Kg6 45. Qxd5 Qf2+ 46. Kxa1 h6
47. Qf5+ Qxf5 48. gxf5+ Kxf5 49. Kb2 h5 50. Kc2 g5 51. Rf3+ Kg6 52. Kd2 g4 53.
Rg3 Kg5 54. Ke2 f5 55. Kf2 f4 56. Ra3 g3+ 57. Kg2 h4 58. Ra5+ Kg4 59. Ra8 f3+
60. Kf1 g2+ 61. Kg1 Kg3 62. Rg8+ Kh3 63. Kf2 Kh2 64. Kxf3 g1=Q 65. Rxg1 Kxg1 66.
Kg4 1/2-1/2

[Event "Challenge"]
[Site "http://www.queenalice.com/game.php?id=770938"]
[Date "2010.5.5"]
[Round "-"]
[White "vania"]
[Black "eliscf"]
[Result "1/2-1/2"]
[WhiteElo "1502"]
[BlackElo "1529"]

1. e4 e5 2. Qf3 Nc6 3. Bc4 Nd4 4. Qc3 Bc5 5. b4 Bd6 6. g4 Nf6 7. f3 O-O 8. Nh3
b6 9. Ng5 h6 10. Nxf7 Qe8 11. Nxd6+ Kh8 12. Nxe8 Nxe8 13. h4 b5 14. f4 d6 15.
Bd5 Rb8 16. Qxc7 Nxc7 17. g5 Nxd5 18. Na3 Nxf4 19. gxh6 gxh6 20. c3 Nc6 21. h5
Nd3+ 22. Ke2 Nxc1+ 23. Raxc1 Bg4+ 24. Ke1 Rf4 25. d3 Rf3 26. Rf1 Rxd3 27. Nxb5
Rxb5 28. a4 Rb6 29. Rf6 Re3+ 30. Kf2 Rxe4 31. Rxh6+ Kg7 32. Rxd6 Rf4+ 33. Ke3
Rf5 34. h6+ Kh7 35. a5 Ra6 36. Rg1 Rf4 37. b5 Rxa5 38. bxc6 Rc5 39. Rh1 Rxc3+
40. Kd2 Rff3 41. Rd7+ Bxd7 42. cxd7 Rcd3+ 43. Ke2 Rxd7 44. Kxf3 Rd3+ 45. Ke4 Rd2
46. Kxe5 a5 47. Kf5 a4 48. Kg5 Rd5+ 49. Kf4 a3 50. Ke4 Ra5 51. Kd3 a2 52. Ra1
Kxh6 53. Kc3 Kg5 54. Kb3 Kf4 55. Rxa2 Rb5+ 56. Kc4 Rb8 57. Ra4 Rc8+ 58. Kd5+ Kf5
59. Re4 Kf6 60. Re5 Kf7 61. Kd6 Rd8+ 62. Kc5 Kf6 63. Rd5 Rc8+ 64. Kd6 Rd8+
1/2-1/2

[Event "XEXELENTOU LITTLE TOES"]
[Site "http://www.queenalice.com/game.php?id=785281"]
[Date "2010.6.4"]
[Round "-"]
[White "eliscf"]
[Black "carlao2005"]
[Result "0-1"]
[WhiteElo "1589"]
[BlackElo "1708"]

1. d4 d5 2. Bf4 c5 3. c3 Nc6 4. e3 f6 5. Nd2 e5 6. Bg3 cxd4 7. cxd4 Be6 8. Qb3
Nge7 9. Ngf3 e4 10. Nh4 g5 11. Qxb7 Rb8 12. Qa6 gxh4 13. Bxb8 Qxb8 14. Bb5 Bc8
15. Qa4 Bd7 16. Nb3 Nf5 17. O-O Qc7 18. Nc5 Bxc5 19. g4 Ncxd4 20. Bxd7+ Qxd7 21.
Qd1 Nf3+ 22. Kg2 Bxe3 23. gxf5 Rg8+ 24. Kh1 Qg7 25. Qxd5 Qg2# 0-1

[Event "Challenge"]
[Site "http://www.queenalice.com/game.php?id=813667"]
[Date "2010.8.5"]
[Round "-"]
[White "eliscf"]
[Black "vania"]
[Result "0-1"]
[WhiteElo "1548"]
[BlackElo "1483"]

1. d4 d5 2. Nc3 f5 3. Bf4 e6 4. Nf3 Nf6 5. Qd3 Nh5 6. g3 Nxf4 7. gxf4 Nc6 8. Ne5
Nxe5 9. fxe5 a5 10. O-O-O Bb4 11. f3 Qg5+ 12. e3 Bxc3 13. bxc3 O-O 14. h4 Qg3
15. f4 Bd7 16. Be2 a4 17. Rhg1 Qxh4 18. c4 dxc4 19. Qxc4 Rfc8 20. d5 b5 21. Qc5
Qf2 22. Bxb5 Bxb5 23. Qxb5 Qxe3+ 24. Kb2 Rab8 25. Rde1 Rxb5+ 26. Ka1 Qxf4 27.
dxe6 Rxe5 28. Rxe5 Qxe5+ 29. Kb1 Rb8+ 30. Kc1 Qxe6 31. Rd1 Qxa2 32. Rd7 Qb1+ 33.
Kd2 Rb2 34. Rxc7 a3 35. Rc8+ Kf7 36. Rh8 Rxc2+ 37. Kd3 a2 38. Rxh7 a1=Q 39. Ke3
Qa4 40. Rh5 Qbb3# 0-1

[Event "MUSA INSPIRADORA"]
[Site "http://www.queenalice.com/game.php?id=820310"]
[Date "2010.8.19"]
[Round "-"]
[White "eliscf"]
[Black "carlao2005"]
[Result "0-1"]
[WhiteElo "1578"]
[BlackElo "1719"]

1. d4 d5 2. Nc3 Nf6 3. Bf4 Nc6 4. Nf3 Ne4 5. Nb5 a6 6. Nxc7+ Kd7 7. Nxa8 Nd6 8.
Nb6+ Qxb6 9. e3 Qxb2 10. Ne5+ Ke8 11. Bd3 Nb4 12. Be2 Nxc2+ 13. Kf1 Nxa1 14. g3
Qxa2 15. Ng4 Bxg4 16. Bxg4 Ne4 17. Bc8 Qxf2# 0-1

[Event "fedidinha"]
[Site "http://www.queenalice.com/game.php?id=824021"]
[Date "2010.8.27"]
[Round "-"]
[White "eliscf"]
[Black "carlao2005"]
[Result "1-0"]
[WhiteElo "1574"]
[BlackElo "1728"]

1. d4 d5 2. Nc3 c5 3. e3 cxd4 4. exd4 Nc6 5. Be3 e5 6. Bb5 exd4 7. Bxd4 a6 8.
Bd3 Nxd4 9. Nf3 Bg4 10. Ne2 Nxf3+ 11. gxf3 Bxf3 12. Rg1 Nf6 13. Rg3 Bxe2 14.
Qxe2+ Be7 15. Rxg7 h6 16. O-O-O Rg8 17. Rxg8+ Nxg8 18. Rg1 Nf6 19. Bf5 Qd6 20.
Qd3 Qxh2 21. Rf1 Ne4 22. Bxe4 dxe4 23. Qxe4 Rb8 24. c4 b5 25. b3 Kf8 26. Qd4
bxc4 27. Qh8# 1-0

[Event "CATOTA"]
[Site "http://www.queenalice.com/game.php?id=824035"]
[Date "2010.8.27"]
[Round "-"]
[White "carlao2005"]
[Black "eliscf"]
[Result "1-0"]
[WhiteElo "1712"]
[BlackElo "1608"]

1. e4 e5 2. Nf3 d6 3. d4 f6 4. c3 Nc6 5. d5 Na5 6. b4 b6 7. bxa5 bxa5 8. Bb5+
Bd7 9. Bxd7+ Qxd7 10. O-O Ne7 11. Be3 c6 12. c4 g5 13. Qd2 g4 14. Nh4 Bg7 15.
Qxa5 O-O 16. Nc3 cxd5 17. cxd5 Ng6 18. Nf5 Bh8 19. Bh6 Bg7 20. Bxg7 Rf7 21. Nh6+
Kxg7 22. Nf5+ Kf8 23. Nb5 Rc8 24. Nxa7 Rc2 25. Rab1 Nf4 26. Rb8+ Qe8 27. Rxe8+
Kxe8 28. Qa4+ Kf8 29. Qxc2 Rxa7 30. Nxd6 Rd7 31. g3 Nxd5 32. exd5 Rxd6 33. Qc5
Ke7 34. Qxd6+ Kxd6 35. a4 Kxd5 36. a5 Kc5 37. Rb1 Kd4 38. a6 f5 39. a7 e4 40.
a8=Q e3 41. fxe3+ Kxe3 42. Rf1 h5 43. Qe8+ Kd3 44. Rd1+ Kc2 45. Qd8 h4 46. Qd3+
Kb2 47. Rb1+ Ka2 48. Qb3# 1-0

[Event "FIDUNCHA!!!"]
[Site "http://www.queenalice.com/game.php?id=839491"]
[Date "2010.9.29"]
[Round "-"]
[White "eliscf"]
[Black "carlao2005"]
[Result "0-1"]
[WhiteElo "1596"]
[BlackElo "1711"]

1. d4 d5 2. Nc3 Nf6 3. Nf3 Nc6 4. Bf4 e6 5. e3 Bd6 6. Bd3 Bxf4 7. O-O O-O 8. g3
Bd6 9. Qd2 e5 10. Bb5 e4 11. Ne1 a6 12. Be2 Nb4 13. a3 Nc6 14. b4 b5 15. Nxb5
axb5 16. Bxb5 Bd7 17. Ng2 Rb8 18. Be2 Bf5 19. Nf4 g5 20. Nxd5 Nxd5 21. Bc4 Be6
22. Qe2 f5 23. c3 f4 24. gxf4 gxf4 25. exf4 Nxf4 26. Qxe4 Bxc4 27. Rfe1 Nh3+ 28.
Kh1 Rxf2 29. Qxc6 Rxh2# 0-1

[Event "Challenge"]
[Site "http://www.queenalice.com/game.php?id=850912"]
[Date "2010.10.26"]
[Round "-"]
[White "eliscf"]
[Black "AuntieRenie"]
[Result "1-0"]
[WhiteElo "1596"]
[BlackElo "1491"]

1. d4 d5 2. Nc3 Nf6 3. Nf3 g6 4. e3 e6 5. Bd3 Bg7 6. O-O O-O 7. a4 Nbd7 8. a5 c5
9. Nb5 cxd4 10. Nd6 e5 11. Nxc8 Rxc8 12. exd4 e4 13. Be2 exf3 14. Bxf3 Re8 15.
Bf4 Qc7 16. Bxc7 Rxc7 17. b3 Rec8 18. Rc1 Bh6 19. c4 Bxc1 20. Qxc1 Rc6 21. g4
Ra6 22. g5 Ne8 23. Bxd5 b5 24. Bb7 Rxc4 25. bxc4 Rd6 26. d5 Nc5 27. Bc8 Nb3 28.
Qc3 bxc4 29. Qxc4 Nxa5 30. Qb5 Nc7 31. Qxa5 Nxd5 32. Qxa7 Nf4 33. Qb8 Nh3+ 34.
Kg2 Nf4+ 35. Kf3 Rd4 36. Bg4+ Kg7 37. Re1 Nd3 38. Re8 1-0

[Event "Challenge"]
[Site "http://www.queenalice.com/game.php?id=855561"]
[Date "2010.11.6"]
[Round "-"]
[White "AuntieRenie"]
[Black "eliscf"]
[Result "1-0"]
[WhiteElo "1575"]
[BlackElo "1585"]

1. c4 e5 2. Nc3 d6 3. d3 Nf6 4. Nf3 Be7 5. g3 O-O 6. Bg2 Nc6 7. O-O a6 8. Nd5
Nxd5 9. cxd5 Nb4 10. Nd2 Bf5 11. e4 Bd7 12. Nb3 b6 13. a3 Nxd5 14. exd5 Bf5 15.
Be4 Bxe4 16. dxe4 g6 17. Nd2 f5 18. b4 c5 19. bxc5 bxc5 20. Re1 Qa5 21. Nc4 Qc3
22. Nb2 Rab8 23. Qe2 h6 24. Bxh6 Rf6 25. Bc1 fxe4 26. Qxe4 Rb3 27. Qe2 Rxa3 28.
Rxa3 Qxa3 29. Nc4 Qc3 30. Qa2 Qxe1+ 31. Kg2 Qxc1 32. Nb6 Bd8 33. Nd7 Rf5 34.
Qxa6 Be7 35. Qc8+ Kg7 36. Qe8 Qg5 37. h4 Qd2 38. Qxe7+ Kh6 39. Qxd6 c4 40. Nxe5
c3 41. Qxg6# 1-0

[Event "Petelekinha Xexelentinha"]
[Site "http://www.queenalice.com/game.php?id=857944"]
[Date "2010.11.12"]
[Round "-"]
[White "carlao2005"]
[Black "eliscf"]
[Result "1-0"]
[WhiteElo "1712"]
[BlackElo "1558"]

1. d4 d6 2. d5 e5 3. e4 Bd7 4. Bd3 Nf6 5. Nc3 c6 6. Nf3 Be7 7. O-O O-O 8. a4 h6
9. a5 g5 10. h4 g4 11. Bxh6 Re8 12. Ng5 b6 13. axb6 c5 14. bxa7 Nh5 15. axb8=Q
Qxb8 16. Rxa8 Qxa8 17. Bb5 Nf6 18. Bxd7 Rd8 19. Bc6 Qa6 20. Qxg4 Nxg4 21. f3 Ne3
22. Bb5 Qb7 23. Nxf7 Kxf7 24. Bxe3 Bxh4 25. f4 Re8 26. fxe5+ Kg8 27. Bxe8 Qxb2
28. Nb5 Qxc2 29. Nxd6 c4 30. e6 Be7 31. Rf7 Bxd6 32. e7 Bg3 33. Rf8+ Kg7 34. Bg6
Kxg6 35. e8=Q+ Kh7 36. Qf7# 1-0

[Event "SUPER CATOTA"]
[Site "http://www.queenalice.com/game.php?id=859851"]
[Date "2010.11.17"]
[Round "-"]
[White "eliscf"]
[Black "carlao2005"]
[Result "0-1"]
[WhiteElo "1569"]
[BlackElo "1695"]

1. d4 d5 2. Nc3 Nf6 3. Nf3 c5 4. e3 cxd4 5. exd4 Bg4 6. Be2 Bxf3 7. Bxf3 Nc6 8.
O-O e5 9. Be3 e4 10. Nxe4 dxe4 11. Bxe4 Nxe4 12. f3 Nf6 13. c3 Bd6 14. Qd3 O-O
15. g4 Nd5 16. Bd2 Qh4 17. Be1 Qxh2# 0-1

[Event "BEIÇO DA VÓ mã mã mã!"]
[Site "http://www.queenalice.com/game.php?id=895630"]
[Date "2011.2.4"]
[Round "-"]
[White "eliscf"]
[Black "carlao2005"]
[Result "0-1"]
[WhiteElo "1528"]
[BlackElo "1649"]

1. d4 d5 2. Nc3 Nf6 3. e3 Nc6 4. Nf3 Bg4 5. h3 Bxf3 6. Qxf3 Qd7 7. Bb5 a6 8.
Bxc6 Qxc6 9. Bd2 O-O-O 10. O-O e6 11. a4 Bb4 12. b3 Bxc3 13. Qe2 Bxa1 14. Rxa1
Qxc2 15. b4 Ne4 16. Qe1 Nxd2 17. Kh1 Ne4 18. Rc1 Nxf2+ 19. Kg1 Nxh3+ 20. Kh2 Qf5
21. gxh3 e5 22. b5 axb5 23. axb5 exd4 24. exd4 Qf4+ 25. Kg1 Qxd4+ 26. Kf1 Rhe8
27. Qg3 Qd3+ 28. Qxd3 h6 29. Rc5 d4 30. Qh7 Rg8 31. b6 c6 32. Qd3 g5 33. Qe2
Rde8 34. Qh5 Rg6 35. Qg4+ Ree6 36. Qf5 h5 37. Qxf7 Rgf6+ 38. Kg2 Rxf7 39. Rxg5
Re2+ 40. Kg3 d3 41. Rxh5 Re3+ 42. Kh4 Rg7 43. Rh8+ Kd7 44. Kh5 Rxh3# 0-1

[Event "Challenge"]
[Site "http://www.queenalice.com/game.php?id=922711"]
[Date "2011.4.6"]
[Round "-"]
[White "eliscf"]
[Black "vania"]
[Result "1-0"]
[WhiteElo "1517"]
[BlackElo "1509"]

1. d4 d5 2. Nc3 c6 3. Nf3 f5 4. Ne5 Na6 5. e3 h5 6. Ng6 Rh6 7. Nxf8 Kxf8 8. Bd3
Nf6 9. O-O g5 10. g3 g4 11. f3 gxf3 12. Qxf3 b5 13. Qf4 b4 14. Qxh6+ Kf7 15.
Bxf5 Bxf5 16. Ne2 Bxc2 17. Nf4 Ng4 18. Qxh5+ Kf6 19. Qh4+ Kf5 20. Nh5+ Ke6 21.
Qxg4+ Kd6 22. a3 bxa3 23. Rxa3 Nb4 24. Bd2 Nd3 25. Nf4 Nxf4 26. Qxf4+ Kd7 27.
Ba5 Qe8 28. h4 Qg8 29. Rc3 Rf8 30. Qc7+ Ke6 31. Rxc6# 1-0

[Event "Challenge"]
[Site "http://www.queenalice.com/game.php?id=954280"]
[Date "2011.6.27"]
[Round "-"]
[White "pedroingles"]
[Black "eliscf"]
[Result "1-0"]
[WhiteElo "1777"]
[BlackElo "1525"]

1. d4 d5 2. c4 c6 3. Nf3 Bf5 4. Nc3 Na6 5. a3 Nf6 6. Bf4 Ne4 7. e3 e6 8. Nxe4
dxe4 9. Nd2 Be7 10. c5 O-O 11. Bxa6 bxa6 12. O-O a5 13. Qc2 Rb8 14. Rab1 Bg4 15.
Bxb8 Be2 16. Rfe1 Bd3 17. Qa4 Bxb1 18. Rxb1 Qxb8 19. Qxa5 f6 20. Nxe4 e5 21. b4
exd4 22. exd4 f5 23. Nc3 Bg5 24. d5 cxd5 25. Nxd5 Qe5 26. f4 Qxd5 27. fxg5 Qd4+
28. Kh1 Re8 29. Qb5 Qf2 30. Qf1 Qa2 31. Ra1 Qb3 32. Qxf5 Qb2 33. Qf1 Rf8 34.
Qc4+ Kh8 35. Qc1 Qd4 36. Qg1 Qc3 37. Qc1 Qe5 38. Rb1 Rb8 39. Rb3 a5 40. b5 a4
41. Rb4 Ra8 42. c6 Qe8 43. c7 h5 44. b6 Rc8 45. h4 g6 46. b7 Kg7 47. b8=Q Qe2
48. Qxc8 Qf2 49. Qd7+ Kf8 50. Rb8# 1-0

[Event "Challenge"]
[Site "http://www.queenalice.com/game.php?id=954282"]
[Date "2011.6.27"]
[Round "-"]
[White "eliscf"]
[Black "pedroingles"]
[Result "0-1"]
[WhiteElo "1533"]
[BlackElo "1734"]

1. d4 d5 2. Nc3 e6 3. Nf3 Bb4 4. a3 Ba5 5. Bd2 Nc6 6. e3 Nf6 7. Bd3 O-O 8. O-O
Re8 9. Ng5 e5 10. dxe5 Nxe5 11. Bxh7+ Nxh7 12. Nxh7 Kxh7 13. Be1 Be6 14. f4 Ng4
15. Rf3 Kg8 16. f5 Bxf5 17. Rxf5 Nxe3 18. Qh5 Nxf5 19. Qxf5 c6 20. Bg3 Bc7 21.
Na4 Bxg3 22. hxg3 Qd6 23. b4 Re5 24. Qf1 Rae8 25. Nc3 Re3 26. Nd1 Re1 27. Qxe1
Rxe1+ 28. Kf2 Qe5 29. g4 Qe2+ 30. Kg3 Qe5+ 31. Kh4 Rh1# 0-1